An immense world (Record no. 5371)

MARC details
000 -CABECERA
campo de control de longitud fija 01727cam a2200313 i 4500
001 - NÚMERO DE CONTROL
campo de control 991025450837507026
003 - IDENTIFICADOR DEL NÚMERO DE CONTROL
campo de control UkOxU
005 - FECHA Y HORA DE LA ÚLTIMA TRANSACCIÓN
campo de control 20260304123448.0
007 - CAMPO FIJO DE DESCRIPCIÓN FÍSICA--INFORMACIÓN GENERAL
campo de control de longitud fija t|
008 - DATOS DE LONGITUD FIJA--INFORMACIÓN GENERAL
campo de control de longitud fija 230201s2023 enk a b 001|0 eng|d
015 ## - NÚMERO DE BIBLIOGRAFÍA NACIONAL
Número de bibliografía nacional GBC375524
Fuente bnb
016 7# - NÚMERO DE CONTROL DE UNA AGENCIA BIBLIOGRÁFICA NACIONAL
Número de control del registro 021025941
Fuente Uk
020 ## - NÚMERO INTERNACIONAL ESTÁNDAR DEL LIBRO
Número Internacional Estándar del Libro 9781529112115
Información calificativa paperback
035 ## - NÚMERO DE CONTROL DEL SISTEMA
Número de control de sistema (Uk)021025941
035 ## - NÚMERO DE CONTROL DEL SISTEMA
Número de control de sistema (UkMaC)549686545
040 ## - FUENTE DE LA CATALOGACIÓN
Centro catalogador/agencia de origen StDuBDS
Lengua de catalogación eng
Centro/agencia transcriptor StDuBDS
Normas de descripción rda
Centro/agencia modificador UkOxU
041 ## - CÓDIGO DE LENGUA
Código de lengua del texto/banda sonora o título independiente English
100 ## - ENTRADA PRINCIPAL--NOMBRE DE PERSONA
Nombre de persona Yong, Ed,
Término indicativo de función/relación author.
URI de un objeto del mundo real https://isni.org/isni/0000000460259997
9 (RLIN) 26763
245 13 - MENCIÓN DE TÍTULO
Título An immense world
Resto del título : how animal senses reveal the hidden realms around us
Mención de responsabilidad, etc. / Ed Yong.
264 #1 - PRODUCCIÓN, PUBLICACIÓN, DISTRIBUCIÓN, FABRICACIÓN Y COPYRIGHT
Producción, publicación, distribución, fabricación y copyright [London] :
Nombre del de productor, editor, distribuidor, fabricante Vintage,
Fecha de producción, publicación, distribución, fabricación o copyright 2023.
300 ## - DESCRIPCIÓN FÍSICA
Extensión x, 449 pages, 16 unnumbered pages of plates :
Otras características físicas illustrations (chiefly colour) ;
Dimensiones 20 cm
500 ## - NOTA GENERAL
Nota general Originally published: London: The Bodley Head, 2022.
500 ## - NOTA GENERAL
Nota general Place of publication inferred from publisher's website, accessed December 2023.
504 ## - NOTA DE BIBLIOGRAFÍA, ETC.
Nota de bibliografía, etc. Includes bibliographical references (pages 385-429) and index.
520 ## - SUMARIO, ETC.
Sumario, etc. This is our world, as you've never seen it before.<br/><br/>The Earth teems with sights and textures, sounds and vibrations, smells and tastes, electric and magnetic fields. But every animal is enclosed within its own unique sensory bubble, perceiving only a tiny sliver of this world.<br/><br/>In An Immense World, Ed Yong coaxes us beyond the confines of our own senses, welcoming us into previously unfathomable dimensions - the world as it is truly perceived by other animals. Showing us that in order to understand our world we don't need to travel to other places; we need to see through other eyes.
650 #0 - PUNTO DE ACCESO ADICIONAL DE MATERIA--TÉRMINO DE MATERIA
Término de materia o nombre geográfico como elemento de entrada Animal behavior
9 (RLIN) 10659
650 #0 - PUNTO DE ACCESO ADICIONAL DE MATERIA--TÉRMINO DE MATERIA
Término de materia o nombre geográfico como elemento de entrada Senses and sensation
9 (RLIN) 11627
942 ## - ELEMENTOS DE ENTRADA AGREGADA (KOHA)
Fuente del sistema de clasificación o colocación Clasificación de Library of Congress
Holdings
Estado de retiro Estado de pérdida Fuente del sistema de clasificación o colocación Estado dañado No para préstamo Biblioteca de origen Biblioteca actual Fecha de adquisición Total de préstamos Fecha visto por última vez Número de copia Precio válido a partir de Tipo de ítem Koha Nota pública
    Clasificación de Library of Congress     TBS Barcelona TBS Barcelona 04/03/2026   04/03/2026 1 04/03/2026 Book SOON AVAILABLE

Powered by Koha